000 00396 a2200109 4500
001 ART_7497
005 20260410161720.0
008 260409a
245 1 0 _aAnálisis de la actividad de los organismos nacionales e internacionales para combatir la corrupción
100 1 _aLópez, Ricardo Daniel
773 0 _tContabilidad y auditoría
_g- Año 8, Nº 16 (dic. 2002)
_wREV1723
999 _c16873
_d16873